00426nam a2200181Ia 4500008004100000020001800041050001400059100002400073245001900097245002700116260001500143260001600158260000900174300001500183300002700198300001100225500000800236170918s9999 xx 000 0 und d a9780531272060 bH567 2014 aHerrington, Lisa M. aThanksgiving / cby Lisa M. Herrington. aNew York : bScholastic, c2014 a32 pages : bcolored illustration ; c18cm.  a610